Halliday & Resnick principles of physics / (Record no. 101818)
[ view plain ]
| 000 -LEADER | |
|---|---|
| fixed length control field | 01110nam a22003017a 4500 |
| 005 - DATE AND TIME OF LATEST TRANSACTION | |
| control field | 20170511141818.0 |
| 010 ## - LCCN (DPL NO) | |
| LC control number | 1617EN EN-116902 |
| 020 ## - INTERNATIONAL STANDARD BOOK NUMBER | |
| International Standard Book Number | 9788126552566 |
| Terms of availability | 829.00 |
| 035 ## - SYSTEM CONTROL NUMBER | |
| System control number | B-653789-795 |
| 035 ## - SYSTEM CONTROL NUMBER | |
| System control number | 1617EN |
| 035 ## - SYSTEM CONTROL NUMBER | |
| System control number | EN-100434 |
| 035 ## - SYSTEM CONTROL NUMBER | |
| System control number | B-665164 |
| 037 ## - SOURCE OF ACQUISITION | |
| Source of stock number/acquisition | ABC |
| 037 ## - SOURCE OF ACQUISITION | |
| Source of stock number/acquisition | DBAD/PUB |
| 082 ## - DEWEY DECIMAL CLASSIFICATION NUMBER | |
| Classification number | 530 |
| 100 ## - MAIN ENTRY--PERSONAL NAME | |
| Personal name | Walker, Jearl |
| 245 ## - TITLE STATEMENT | |
| Title | Halliday & Resnick principles of physics / |
| Statement of responsibility, etc | by Jearl Walker |
| 246 ## - VARYING FORM OF TITLE | |
| Title proper/short title | Fundamentals of physics |
| 250 ## - EDITION STATEMENT | |
| Edition statement | 10th ed |
| 260 ## - PUBLICATION, DISTRIBUTION, ETC. (IMPRINT) | |
| Date of publication, distribution, etc | 2016 |
| Place of publication, distribution, etc | New Delhi |
| Name of publisher, distributor, etc | John Wiley |
| 270 ## - ADDRESS | |
| Address | 4435-36/7, Ansari Road,Daryaganj |
| City | New Delhi |
| Postal code | 110002 |
| 300 ## - PHYSICAL DESCRIPTION | |
| Dimensions | 25cm(pbk) |
| Extent | 1244p. |
| Other physical details | ill. |
| 500 ## - GENERAL NOTE | |
| General note | Includes index |
| 650 ## - SUBJECT ADDED ENTRY--TOPICAL TERM | |
| Topical term or geographic name as entry element | Physics |
| Form subdivision | Textbooks. |
| 942 ## - ADDED ENTRY ELEMENTS (KOHA) | |
| Item type | English Books |
| Source of classification or shelving scheme | Dewey Decimal Classification |
| Call number suffix | WAL |
| Classification part | 530 |
| Withdrawn status | Lost status | Not for loan | Collection code | Home library | Current library | Date acquired | Source of acquisition | Cost, normal purchase price | Full call number | Barcode | Copy number | Cost, replacement price | Koha item type |
|---|---|---|---|---|---|---|---|---|---|---|---|---|---|
| Non-fiction | Ashok Vihar | Ashok Vihar | 11/05/2017 | BPPD/EN/2016-17/AV/16-17/452/15.2.2017/5058/28.2.2017/ 7.3.2017 | 829.00 | 530 WAL | B-665164 | 1 | 829.00 | English Books | |||
| Not For Loan | Non-fiction | D.B.Act.Division | Bawana | 22/12/2016 | DBAD/PUB | 829.00 | 530 WAL | EN-100434 | 1 | 829.00 | English Books | ||
| Non-fiction | Bawana | Bawana | 20/02/2017 | BPPD/En/2016-17/286/24.11.2016/4986/28.11.2016/4.1.2017 | 829.00 | 530 WAL | B-653794 | 1 | 829.00 | English Books | |||
| Non-fiction | Central Library | Central Library | 20/02/2017 | BPPD/En/2016-17/286/24.11.2016/4986/28.11.2016/4.1.2017 | 829.00 | 530 WAL | B-653789 | 1 | 829.00 | English Books | |||
| Non-fiction | Janak Puri | Janak Puri | 20/02/2017 | BPPD/En/2016-17/286/24.11.2016/4986/28.11.2016/4.1.2017 | 829.00 | 530 WAL | B-653792 | 1 | 829.00 | English Books | |||
| Non-fiction | New Police Line | New Police Line | 20/02/2017 | BPPD/En/2016-17/286/24.11.2016/4986/28.11.2016/4.1.2017 | 829.00 | 530 WAL | B-653790 | 1 | 829.00 | English Books | |||
| Non-fiction | Patel Nagar | Patel Nagar | 20/02/2017 | BPPD/En/2016-17/286/24.11.2016/4986/28.11.2016/4.1.2017 | 829.00 | 530 WAL | B-653791 | 1 | 829.00 | English Books | |||
| Non-fiction | Sarojini Nagar | Sarojini Nagar | 20/02/2017 | BPPD/En/2016-17/286/24.11.2016/4986/28.11.2016/4.1.2017 | 829.00 | 530 WAL | B-653793 | 1 | 829.00 | English Books | |||
| Non-fiction | Shahdara Branch | Shahdara Branch | 20/02/2017 | BPPD/En/2016-17/286/24.11.2016/4986/28.11.2016/4.1.2017 | 829.00 | 530 WAL | B-653795 | 1 | 829.00 | English Books |
